00873nam a2200253 a 450000500170000000800410001702000150005804000250007304100080009804400070010608200170011310000290013024500820015926000300024130000190027150501520029065000240044265000220046665000250048866200130051370000310052670000190055770000430057620170207020001.0140224b1998 ck ||||| |||| 00| 0 spa d a9589272886 aCO-BoIAVHcCO-BoIAVH0 aspa ack 4a354.33bP73g aPonce de León, Eugenia1 aGestión ambiental nacional y urbana/cPonce de León, Eugenia... [et. al.] aBogotá:bFescol,c1998. a115 p.c21 cm. aEvaluación de la labor del Ministerio del Medio Ambiente. Bosquejo para una estrategia financiera. La gestión ambiental en Bogotá 1995- 1997. 4aGestión Ambiental aDesarrollo urbano aPolítica ambiental aColombia1 aGalán, Francisco Alberto1 aUribe, Eduardo1 aValderrama, Juan AndrésdCoordinador